00358nam a2200145Ia 4500008004100000041000800041082001600049100001400065245004500079260002000124300002700144365001700171500001000188700001400198230718s9999 xx 000 0 und d aeng a005.26bMIC aMicrosoft aMicro Visual Basic 6.0 Mcsd Training Kit c1999bMicrosoft a490dRef 707 C (11628) cRs.b2575.55 a707 C aMicrosoft